00873nam a22002537a 450000500170000001000140001702000260003103500130005703700130007008200100008310000310009324500880012425000110021226000340022327000480025730000360030550000190034165000290036070000270038970000270041694200240044399900170046795201350048420100809112513.0 aENG-98998 a9788120341227c550.00 aEN-82530 bDBAD/PUB a658.3 aMejia, Luis R. Gomez99187m aManaging human resources /cby Luis R. Gomez, David B. Balkin [and] Robert L. Cardy a6th ed aNew DelhibPHI Learningc2010 aM-97, Connaught Circus, bNew Delhie110001 axxviii, 654p.:c28cm (pbk)bill aIncludes index aPersonal managment99188 aBalkin, David B.99178 aCardy, Robert L.99179 2ddccENh658.3mMEJ c40291d40291 001040718NFICaDBADbDBADd2010-08-09eDBAD/PUBg550.00l0o658.3 MEJpEN-82530r2010-08-09 00:00:00t1v550.00w2010-08-09yEN